• 首页
  • 本馆介绍
  • 公告通知
  • 最新文献
  • 馆藏检索
  • 电子资源
  • 读者导购
  • 参考咨询
  • 我的图书馆
  • 登录
  • 详细信息显示
  • 放入我的书架
  • 预约/预借图书
  • 作者相关作品
  • 分类相关作品
  • 丛书相关作品
  • 出版社相关作品

书目信息

  • 表格格式
  • 工作单格式
  • 卡片格式
题名:
宽带光接入技术
    
 
作者: 原荣 编著
分册:  
出版信息: 北京   电子工业出版社  2010.9
页数: xiii, 276页
开本: 26cm
丛书名: 21世纪通信网络技术丛书
单 册:
中图分类: TN915.62
科图分类:
主题词: 光纤通信--guang qian tong xin--宽带通信系统--接入网
电子资源:
ISBN: 978-7-121-11786-2
000 01316nam 2200277 450
001 1134152000
005 20110225082224.04
010    @a978-7-121-11786-2@dCNY49.00
100    @a20101026d2010 em y0chiy0110 ea
101 0  @achi
102    @aCN@b110000
105    @aak a 001yy
106    @ar
200 1  @a宽带光接入技术@9kuan dai guang jie ru ji shu@f原荣编著
210    @a北京@c电子工业出版社@d2010.9
215    @axiii, 276页@c图@d26cm
225 2  @a21世纪通信网络技术丛书@921shi ji tong xin wang luo ji shu cong shu@i网络通信与工程应用系列
320    @a有书目 (第264页) 和索引
330    @a本书是宽带光接入技术,特别是宽带光接入的重要发展方向——PON接入技术的专著。本书选取了宽带光接入技术的最新素材,反映了当前宽带光接入技术的发展水平,采用了国际最新标准。其特点是概念解释清楚,文字叙述通俗易懂,简明扼要,图文并茂,注重实用,前后连贯,适合不同层次读者的需要。
333    @a本书可供本科生和研究生使用, 也可作为培训教材使用, 对从事光纤通信系统和网络研究的教学、规划设计、管理和维护的有关人员也有一定的参考价值
410  0 @12001 @a21世纪通信网络技术丛书@i网络通信与工程应用系列
606 0  @a光纤通信@9guang qian tong xin@x宽带通信系统@x接入网
690    @aTN915.62@v4
701  0 @a原荣@9yuan rong@4编著
801  0 @aCN@b书业联合编目@c20110225
905    @b205991104-131@h599110-13@dTN915.62@e96@f4
    
    宽带光接入技术/原荣编著.-北京:电子工业出版社,2010.9
    xiii, 276页:图;26cm.-(21世纪通信网络技术丛书.网络通信与工程应用系列)
    使用对象:本书可供本科生和研究生使用, 也可作为培训教材使用, 对从事光纤通信系统和网络研究的教学、规划设计、管理和维护的有关人员也有一定的参考价值
    
    ISBN 978-7-121-11786-2:CNY49.00
    本书是宽带光接入技术,特别是宽带光接入的重要发展方向——PON接入技术的专著。本书选取了宽带光接入技术的最新素材,反映了当前宽带光接入技术的发展水平,采用了国际最新标准。其特点是概念解释清楚,文字叙述通俗易懂,简明扼要,图文并茂,注重实用,前后连贯,适合不同层次读者的需要。
●
相关链接 在E读中查询图书 在五车中查询图书 在当当中查询图书 在豆瓣中查询图书


正题名:宽带光接入技术     索取号:TN915.62/96         预约/预借

序号 登录号 条形码 馆藏地/架位号 状态 备注
1 599110   205991104   第二样本阅览室/ [索取号:TN915.62/96] 在馆    
2 599111   205991113   第三借阅区/ [索取号:TN915.62/96] 在馆    
3 599112   205991122   第三借阅区/ [索取号:TN915.62/96] 在馆    
4 599113   205991131   计算机科学系资料室/ [索取号:TN915.62/96] 在馆    
唐山师范学院图书馆 欢迎您!
大连网信软件有限公司© 版权所有